MARC details
| 000 -LEADER |
| campo de control de longitud fija |
01995nas a2200445 i 4500 |
| 001 - NÚMERO DE CONTROL |
| campo de control |
1302 |
| 003 - IDENTIFICADOR DE NÚMERO DE CONTROL |
| campo de control |
ES-MaACL |
| 005 - FECHA Y HORA DE LA ÚLTIMA TRANSACCIÓN |
| campo de control |
20250816063123.0 |
| 007 - CAMPO FIJO DE DESCRIPCIÓN FÍSICA--INFORMACIÓN GENERAL |
| campo de control de longitud fija |
t| |
| 008 - DATOS DE LONGITUD FIJA--INFORMACIÓN GENERAL |
| campo de control de longitud fija |
950801c1665 fr | | 1 ||re d |
| 022 ## - NÚMERO INTERNACIONAL NORMALIZADO PARA PUBLICACIONES SERIADAS |
| Número Internacional Normalizado para Publicaciones Seriadas |
0021-8103 |
| 040 ## - FUENTE DE CATALOGACIÓN |
| Centro/agencia transcriptor |
ES-MaACL |
| 080 ## - NÚMERO DE LA CLASIFICACIÓN DECIMAL UNIVERSAL |
| Número de la Clasificación Decimal Universal |
008 |
| 245 03 - MENCIÓN DEL TÍTULO |
| Título |
Le Journal des Sçavans |
| 250 ## - MENCION DE EDICION |
| Mención de edición |
Nouvelle edition. |
| 260 ## - PUBLICACIÓN, DISTRIBUCIÓN, ETC. |
| Lugar de publicación, distribución, etc. |
Paris : |
| Nombre del editor, distribuidor, etc. |
Pierre Witte, |
| Fecha de publicación, distribución, etc. |
1665- |
| 300 ## - DESCRIPCIÓN FÍSICA |
| Extensión |
v. ; |
| Dimensiones |
27 cm. |
| 310 ## - PERIODICIDAD ACTUAL |
| Periodicidad actual |
Trimestral |
| 321 ## - PERIODICIDAD ANTERIOR |
| Periodicidad anterior |
Semanal, |
| Fechas de la periodicidad anterior |
1665-1723 |
| 321 ## - PERIODICIDAD ANTERIOR |
| Periodicidad anterior |
Mensual, |
| Fechas de la periodicidad anterior |
1724-1917 |
| 321 ## - PERIODICIDAD ANTERIOR |
| Periodicidad anterior |
Bimestral, |
| Fechas de la periodicidad anterior |
1918-1926 |
| 321 ## - PERIODICIDAD ANTERIOR |
| Periodicidad anterior |
Mensual, |
| Fechas de la periodicidad anterior |
1927-1932 |
| 321 ## - PERIODICIDAD ANTERIOR |
| Periodicidad anterior |
Bimestral, |
| Fechas de la periodicidad anterior |
1933-1942 |
| 500 ## - NOTA GENERAL |
| Nota general |
No se publicó entre 1792 y 1815 |
| 530 ## - NOTA DISPONIBLE DE FORMULARIO FÍSICO ADICIONAL |
| Nota de formato físico adicional disponible |
Disponible en formato digital |
| 555 ## - NOTA DE ÍNDICE ACUMULATIVO U OTROS INSTRUMENTOS BIBLIOGRÁFICOS |
| Nota de índice acumulativo u otros instrumentos bibliográficos |
Entre 1753 y 1756 se publican los índices para los años 1665-1750, con el título Table générale des matières contenues das le Journal des savans de l'édition de Paris; en 1860, los índices de 1816 a 1858, con el título Table mèthodique et analytique des articles du Journal des savants; y en 1909, los índices de 1859 a 1908, con el título Table analytique des articles du Journal des savants. |
| 650 #7 - PUNTO DE ACCESO ADICIONAL DE MATERIA--TÉRMINO DE MATERIA |
| Término de materia o nombre geográfico como elemento de entrada |
Literatura |
| Fuente del encabezamiento o término |
embne |
| 9 (RLIN) |
141583 |
| 650 #7 - PUNTO DE ACCESO ADICIONAL DE MATERIA--TÉRMINO DE MATERIA |
| Término de materia o nombre geográfico como elemento de entrada |
Cultura |
| Fuente del encabezamiento o término |
embne |
| 9 (RLIN) |
170963 |
| 655 #7 - TERMINO DE INDIZACIÓN--GENERO/FORMA |
| 9 (RLIN) |
226866 |
| Datos o término principal de género/forma |
Revistas |
| 700 1# - ENTRADA AGREGADA--NOMBRE PERSONAL |
| Nombre de persona |
Cagnant, M. René, |
| 9 (RLIN) |
194159 |
| 700 1# - ENTRADA AGREGADA--NOMBRE PERSONAL |
| Nombre de persona |
Melin, Alfred, |
| 9 (RLIN) |
194160 |
| 852 ## - LOCALIZACIÓN |
| Ubicación |
ES-MaACL |
| Número de control de estantería |
HEM-H-111(1903-1988) |
| Signatura antigua |
Olim: H-1615 |
| Ubicación en estantería |
Hemeroteca |
| 852 ## - LOCALIZACIÓN |
| Ubicación |
ES-MaACL |
| Número de control de estantería |
R-Arm.10 (1665-1903) |
| 856 ## - LOCALIZACIÓN Y ACCESO ELECTRÓNICOS |
| Materiales especificados |
1665-1938 |
| Identificador Uniforme de Recursos |
<a href="https://gallica.bnf.fr/ark:/12148/cb343488023/date.r=journal+des+savants.langES">https://gallica.bnf.fr/ark:/12148/cb343488023/date.r=journal+des+savants.langES</a> |
| Texto de enlace |
Versión en línea |
| Nota pública |
(Gallica, BNF) |
| 856 ## - LOCALIZACIÓN Y ACCESO ELECTRÓNICOS |
| Materiales especificados |
1909-2018 |
| Identificador Uniforme de Recursos |
<a href="https://www.persee.fr/collection/jds">https://www.persee.fr/collection/jds</a> |
| Texto de enlace |
Versión en línea |
| Nota pública |
(Persée) |
| 856 ## - LOCALIZACIÓN Y ACCESO ELECTRÓNICOS |
| Identificador Uniforme de Recursos |
<a href="https://aibl.fr/categories-publications/journal-des-savants/">https://aibl.fr/categories-publications/journal-des-savants/</a> |
| Texto de enlace |
Página web de la revista |
| Nota pública |
(Journal des savants) |
| 866 ## - MENCIÓN TEXTUAL DE FONDOS--UNIDAD BIBLIOGRÁFICA BÁSICA |
| Fondos |
1665-1741,1862-1911(1912)1913-24,1927-36,1943,1945-46,1950-51(1952)1953-61,1966,1975-88. |
| 942 ## - ELEMENTOS DE ENTRADA SECUNDARIOS (KOHA) |
| Fuente del sistema de clasificación o colocación |
Clasificación decimal universal |
| Tipo de ítem Koha |
Revista |
| Suprimir en OPAC |
No |
| 955 ## - CATALOGADOR - EDICIÓN |
| Nombre de catalogador |
Oscar Chaves |